000 00582nam a2200169Ia 4500
008 090201s9999 xx 000 0 und d
010 _aKPL-39596
040 _bमराठी
041 _aमराठी
082 _a26158
_b39596
100 _aराम कोलारकर
245 _aसर्वोत्कृष्ट मराठी कथा
_cराम कोलारकर
260 _c2004
_bछाया कोलारकर
300 _a215
_bमोठा
600 _aसर्वोत्कृष्ट मराठी कथा
942 _cBOOK
999 _c225303
_d225303